000 00363 a2200145 4500
001 165513
020 _a
040 _cMagnum
100 _aValente, Jose Armando (Org)
240 1 0 _aComputadores e conhecimento: repensando a educacao
_lpor
245 1 0 _aComputadores e conhecimento: repensando a educacao
362 0 _a1899
697 _aENSINO
942 _cBK
999 _c165513
_d165513